PERROS AUTOCTONOS - Estadísticas

Estadísticas generales
  • Esta prueba ha sido intentada 10 veces
  • La puntuación promedio es 3 de 10
Estadísticas de respuestas
Imagen Respuesta % Correcto
Presa canario
86%
Podenco andaluz
57%
Perdiguero de Burgos
43%
Bodeguero andaluz
29%
Mastin de los pirineos
29%
Dogo mallorquin
14%
Majorero
14%
Pachon navarro
14%
Pastor catalan
14%
Pastor garafiano
14%
No se encontraron pruebas coincidentes
Distribución de puntuación
Porcentaje de gente con cada puntuación
Porcentaje por número respondido
Historial de tus puntuaciones
No has intentado esta prueba.